Digital communications (Record no. 956)

000 -LEADER
fixed length control field 00508nam a2200205 a 4500
001 - CONTROL NUMBER
control field 956
003 - CONTROL NUMBER IDENTIFIER
control field BD-DhUET
008 - FIXED-LENGTH DATA ELEMENTS--GENERAL INFORMATION
fixed length control field 860516s1986 inua b 001 0 eng
020 ## - INTERNATIONAL STANDARD BOOK NUMBER
International Standard Book Number 0071181830
040 ## - CATALOGING SOURCE
Original cataloging agency DLC
Transcribing agency DLC
Modifying agency BD-DhUET
082 00 - DEWEY DECIMAL CLASSIFICATION NUMBER
Classification number 623.8
Item number PRO/2001
100 ## - MAIN ENTRY--PERSONAL NAME
Personal name Proakis, John G.
245 00 - TITLE STATEMENT
Title Digital communications
250 ## - EDITION STATEMENT
Edition statement 4th ed.
260 ## - PUBLICATION, DISTRIBUTION, ETC. (IMPRINT)
Place of publication, distribution, etc. Boston
Name of publisher, distributor, etc. McGraw-Hill
Date of publication, distribution, etc. 2001
300 ## - PHYSICAL DESCRIPTION
Extent xxi,1002p..
504 ## - BIBLIOGRAPHY, ETC. NOTE
Bibliography, etc Includes bibliographies

650 #0 - SUBJECT ADDED ENTRY--TOPICAL TERM
Topical term or geographic name as entry element Digital communications.
942 ## - ADDED ENTRY ELEMENTS (KOHA)
Koha item type General Book
Holdings
Not for loan Koha full call number Lost status Sublocation or collection (holding branch) Copy number Damaged status Koha issues (times borrowed) Koha date last borrowed Source of classification or shelving scheme Price effective from Piece designation (barcode) Shelving location Koha item type Koha normalized classification for sorting Withdrawn status Koha date last seen Date acquired Location (home branch)
 623.8/PRO/2001 Central Library, BUET1    2014-08-26103342Circulation sectionGeneral Book623_000000000000000_8PRO2001 2014-08-262014-08-26Central Library, BUET
 623.8/PRO/2001 Central Library, BUET2    2014-08-26103344Circulation sectionGeneral Book623_000000000000000_8PRO2001 2017-07-302014-08-26Central Library, BUET
 623.8/PRO/2001 Central Library, BUET3    2014-08-26103345Circulation sectionGeneral Book623_000000000000000_8PRO2001 2015-06-082014-08-26Central Library, BUET
 623.8/PRO/2001 Central Library, BUET4 12015-05-20 2014-08-26103346Circulation sectionGeneral Book623_000000000000000_8PRO2001 2015-08-182014-08-26Central Library, BUET
 623.8/PRO/2001 Central Library, BUET5    2014-08-26103347Circulation sectionGeneral Book623_000000000000000_8PRO2001 2014-08-262014-08-26Central Library, BUET
 623.8/PRO/2001 Central Library, BUET6 22018-08-06 2014-08-26103348Circulation sectionGeneral Book623_000000000000000_8PRO2001 2018-08-292014-08-26Central Library, BUET
 623.8/PRO/2001 Central Library, BUET7 12018-08-29 2014-08-26103349Circulation sectionGeneral Book623_000000000000000_8PRO2001 2018-09-112014-08-26Central Library, BUET
 623.8/PRO/2001 Central Library, BUET8    2014-08-26103350Circulation sectionGeneral Book623_000000000000000_8PRO2001 2015-08-162014-08-26Central Library, BUET
 623.8/PRO/2001 Central Library, BUET9    2014-08-26107674Circulation sectionGeneral Book623_000000000000000_8PRO2001 2015-03-012014-08-26Central Library, BUET
 623.8/PRO/2001 Central Library, BUET10 12018-08-28 2017-05-16103343Circulation sectionGeneral Book623_800000000000000_PRO_2001 2018-09-092007-05-07Central Library, BUET